|
|
|
|
| LEADER |
00000ny a22000003n 4500 |
| 005 |
20110622150937.0 |
| 008 |
091223s2007 ag 000 0 spa d |
| 020 |
|
|
|a 9789505361953
|
| 035 |
|
|
|a 2052
|
| 040 |
|
|
|a BUS
|d vLex
|
| 090 |
|
|
|c 1027
|d 1027
|
| 100 |
1 |
|
|a Fix-Zamudio, Hčtor
|
| 245 |
1 |
0 |
|a Proteccin̤ internacional de los Derechos Humanos
|h [Recurso electrn̤ico]
|c Hčtor Fix-Zamudio
|
| 256 |
|
|
|a Servicio en ln̕ea
|
| 260 |
|
|
|a Madrid :
|b Editora Platense,
|c 2007
|
| 300 |
|
|
|a p. ;
|c cm
|
| 506 |
1 |
|
|a Contenido solo disponible en los productos indicados
|d vLex Global
|d vLex Global (Academic Edition, excluding Law Schools)
|d vLex Global (U.S. Academic Edition, Law Schools)
|d vLex Global (U.S. Academic Edition, excluding Law Schools)
|d vLex Global (Academic Edition, Law Schools)
|
| 650 |
0 |
4 |
|a Derechos humanos
|
| 740 |
0 |
|
|a vLex Libros (Servicios en ln̕ea)
|
| 856 |
4 |
0 |
|u http://vlex.com/source/2052
|z Acceso restringido
|
| 942 |
|
|
|c BOOK
|